| 000 | 01432nam a22002297a 4500 | ||
|---|---|---|---|
| 999 |
_c57783 _d57783 |
||
| 003 | Ge_BSU | ||
| 005 | 20211015103441.0 | ||
| 008 | 201126s210 ge ||||| |||| 00| 0 geo d | ||
| 020 | _a9789941102080 | ||
| 041 | _ageo | ||
| 080 | _a343.14 ჩ-95 | ||
| 100 |
_aჩხეიძე, ია _99782 |
||
| 245 |
_aმტკიცებულებათა დასაშვებობის პრობლემა სისხლის სამართლის პროცესში / _cია ჩხეიძე ; [პ/მგ რედ. გია მეფარიშვილი] ; თბილისის ეკონომიკურ ურთიერთობათა სახელმწიფო უნივერსიტეტი. |
||
| 264 |
_aთბ. : _bმერიდიანი, _c2010. |
||
| 300 |
_a220 გვ. _b20 სმ. |
||
| 504 | _aბიბლიოგრ. ტექსტ. შენიშვნ. და გვ. 212-218. | ||
| 653 | _aმტკიცებულება სისხლის სამართლის პროცესში | ||
| 653 | _aსამართალი | ||
| 700 |
_aმეფარიშვილი, გია _eრედაქტორი _99783 |
||
| 710 |
_a თბილისის ეკონომიკურ ურთიერთობათა სახელმწიფო უნივერსიტეტი _99784 |
||
| 942 |
_2udc _cBK |
||